CSS and networking guide for CCNA and CSS: (Record no. 383)
[ view plain ]
| 000 -LEADER | |
|---|---|
| fixed length control field | 00963nam a22002417a 4500 |
| 005 - DATE AND TIME OF LATEST TRANSACTION | |
| control field | 20230530023413.0 |
| 008 - FIXED-LENGTH DATA ELEMENTS--GENERAL INFORMATION | |
| fixed length control field | 221214b |||||||| |||| 00| 0 eng d |
| 020 ## - INTERNATIONAL STANDARD BOOK NUMBER | |
| International Standard Book Number | 978-621-427-046-0 |
| 082 ## - DEWEY DECIMAL CLASSIFICATION NUMBER | |
| Classification number | Fil. 004.6 C336 2019 |
| 100 ## - MAIN ENTRY--PERSONAL NAME | |
| Personal name | Sarmiento, Marygin E. |
| Relator term | author |
| 245 ## - TITLE STATEMENT | |
| Title | CSS and networking guide for CCNA and CSS: |
| Remainder of title | NCII / |
| Statement of responsibility, etc. | Marygin E. Sarmiento, Marmelo V. Abante, Rolando R. Lansigan, Luisa M. Macatangay, Jaime Sebastien S. Mendiola, Kenneth A. Cambaya |
| 260 ## - PUBLICATION, DISTRIBUTION, ETC. | |
| Place of publication, distribution, etc. | Manila: |
| Name of publisher, distributor, etc. | Unlimited Books Library Services and Publishing, |
| Date of publication, distribution, etc. | c2019. |
| 300 ## - PHYSICAL DESCRIPTION | |
| Extent | iv, 366p.; |
| Other physical details | ill. |
| 504 ## - BIBLIOGRAPHY, ETC. NOTE | |
| Bibliography, etc. note | Includes references |
| 541 ## - IMMEDIATE SOURCE OF ACQUISITION NOTE | |
| Accession number | 6873 c.1, 6874 c.2, 6875 c.3 |
| 650 ## - SUBJECT ADDED ENTRY--TOPICAL TERM | |
| Topical term or geographic name entry element | Computer networks |
| 650 ## - SUBJECT ADDED ENTRY--TOPICAL TERM | |
| Topical term or geographic name entry element | Cascading style sheets |
| 700 ## - ADDED ENTRY--PERSONAL NAME | |
| Personal name | Abante, Marmelo V. |
| Relator term | author |
| 700 ## - ADDED ENTRY--PERSONAL NAME | |
| Personal name | Lansigan, Rolando R. |
| Relator term | author |
| 700 ## - ADDED ENTRY--PERSONAL NAME | |
| Personal name | Macatangay, Luisa M. |
| Relator term | author |
| 700 ## - ADDED ENTRY--PERSONAL NAME | |
| Personal name | Mendiola, Jaime Sebastien S. |
| Relator term | author |
| 700 ## - ADDED ENTRY--PERSONAL NAME | |
| Personal name | Cambaya, Kenneth A. |
| Relator term | author |
| Withdrawn status | Lost status | Source of classification or shelving scheme | Damaged status | Not for loan | Home library | Current library | Date acquired | Total Checkouts | Full call number | Barcode | Date last seen | Copy number | Price effective from | Koha item type |
|---|---|---|---|---|---|---|---|---|---|---|---|---|---|---|
| Dewey Decimal Classification | ctu-moalboal | ctu-moalboal | 03/03/2021 | Fil. 004.6 C336 2019 | 6873 | 12/14/2022 | 1 | 12/14/2022 | Books-Filipiniana | |||||
| Dewey Decimal Classification | ctu-moalboal | ctu-moalboal | 03/03/2021 | Fil. 004.6 C336 2019 | 6874 | 12/14/2022 | 2 | 12/14/2022 | Books-Filipiniana | |||||
| Dewey Decimal Classification | ctu-moalboal | ctu-moalboal | 03/03/2021 | Fil. 004.6 C336 2019 | 6875 | 12/14/2022 | 3 | 12/14/2022 | Books-Filipiniana |